000
00285pam a2200145 a 4500
020
_c
041
_h
100
_a
E. David Ford
245
_a
Scientific Method for Ecological Research
250
_a
Ist
260
_c
2000
300
_a
563
653
_a
Science
930
_a
209
999
_c
246062
_d
246062